000 00690nam a2200265Ia 4500
005 20260121165755.0
008 008 260114s9999 xx 000 0 eng d
020 _a9781489977052
037 _aEBOOK
040 _aCRL
040 _beng
040 _cCRL
041 _2eng
041 _aeng
084 _qCRL
100 _aShiuh-Nan Hwang, Hsuan-Shih Lee, Joe Zhu
_91055863
245 0 _aHandbook of Operations Analytics Using Data Envelopment Analysis
260 _bSpringer
260 _bSpringer
260 _c2016
856 _uhttps://link.springer.com/openurl?genre=book&isbn=978-1-4899-7705-2
942 _cEBOOK
999 _c1621591
_d1621591